| 000 | 01076nam a22003377a 4500 | ||
|---|---|---|---|
| 003 | CHAP | ||
| 005 | 20220817044428.0 | ||
| 008 | 110317s1979 enka r 00010 eng d | ||
| 010 | _a100673 | ||
| 011 | _a101645 | ||
| 020 | _a0859504166 | ||
| 035 | _a112333 | ||
| 040 | _cCHAP | ||
| 082 | 0 | 4 |
_a583.47 _bB28 |
| 100 | 1 |
_aBarthlott, Wilhelm _910616 |
|
| 245 | 1 | 0 |
_aCacti : _bbotanical aspects, descriptions & cultivation _c/por Wilhelm Barthlott |
| 260 |
_aCheltenham, Eng. : _bStanley Thornes, _c1979 |
||
| 300 |
_a249 p. : _bilus. |
||
| 590 |
_aBATCH-UPD _b10 _c20130110 _lUCH01 _h1505 |
||
| 590 |
_aBATCH-UPD _b10 _c20130410 _lUCH01 _h0925 |
||
| 590 |
_aBATCH-UPD _b10 _c20130914 _lUCH01 _h0546 |
||
| 590 |
_aCONVERSION _b10 _c20130109 _lUCH01 _h1355 |
||
| 650 | 1 | 4 |
_aBotánica _xClasificación. _914516 |
| 650 | 1 | 4 |
_aCactáceas. _916994 |
| 650 | 1 | 4 |
_aCactáceas _xVariedades. _917018 |
| 650 | 1 | 4 | _aPlantas ornamentales. |
| 650 | 1 | 4 |
_aPlantas silvestres. _989083 |
| 901 | _aBK | ||
| 942 | _cLIBRO | ||
| 949 |
_a583.47 B28 _bBC _cLIBRO _d33724002232199 _eLIBRO _h114427 _i112333 _si |
||
| 999 |
_c100673 _d100673 |
||